书目信息 |
| 题名: |
大学计算机基础实验指导与习题解答
|
|
| 作者: | 夏涛 , 黄笑鹃 主编 | |
| 分册: | ||
| 出版信息: | 北京 北京邮电大学出版社 2008.08 |
|
| 页数: | 214页 | |
| 开本: | 26cm | |
| 丛书名: | ||
| 单 册: | ||
| 中图分类: | TP3 | |
| 科图分类: | ||
| 主题词: | 电子计算机--dian zi ji suan ji--高等学校--教学参考资料 | |
| 电子资源: | ||
| ISBN: | 978-7-5635-1830-2 | |
| 000 | 00987nam0 2200265 450 | |
| 001 | 012009331296 | |
| 005 | 20090916162938.10 | |
| 010 | @a978-7-5635-1830-2@dCNY22.00 | |
| 100 | @a20090916d2008 em y0chiy0120 ea | |
| 101 | 0 | @achi |
| 102 | @aCN@b110000 | |
| 105 | @aak a 000yy | |
| 106 | @ar | |
| 200 | 1 | @a大学计算机基础实验指导与习题解答@Ada xue ji suan ji ji chu shi yan zhi dao yu xi ti jie da@f夏涛, 黄笑鹃主编@Fxia tao,huang xiao juan zhu bian |
| 210 | @a北京@c北京邮电大学出版社@d2008.08 | |
| 215 | @a214页@c图@d26cm | |
| 300 | @a应用型本科计算机科学与技术规划教材 | |
| 320 | @a有书目 (第214页) | |
| 330 | @a本书分为8章,主要内容包括:计算机硬件、Windows操作系统、计算机网络、常用工具软件、Word文字处理软件、Excel电子表格软件等。 | |
| 606 | 0 | @a电子计算机@Adian zi ji suan ji@x高等学校@j教学参考资料 |
| 690 | @aTP3@v4 | |
| 701 | 0 | @a夏涛@Axia tao@4主编 |
| 701 | 0 | @a黄笑鹃@Ahuang xiao juan@4主编 |
| 801 | 0 | @aCN@bQSSK@c20090916 |
| 905 | @b752157-59@dTP3@eX208@f3 | |
| 大学计算机基础实验指导与习题解答/夏涛, 黄笑鹃主编.-北京:北京邮电大学出版社,2008.08 |
| 214页:图;26cm |
| 应用型本科计算机科学与技术规划教材 |
| ISBN 978-7-5635-1830-2:CNY22.00 |
| 本书分为8章,主要内容包括:计算机硬件、Windows操作系统、计算机网络、常用工具软件、Word文字处理软件、Excel电子表格软件等。 |
| ● |
| 相关链接 |
|
|
|
正题名:大学计算机基础实验指导与习题解答
索取号:TP3/X208
 
预约/预借
| 序号 | 登录号 | 条形码 | 馆藏地/架位号 | 状态 | 备注 |
| 1 | 752157 | 207521573 | 自科库301/301自科库 44排2列5层/ [索取号:TP3/X208] | 在馆 | |
| 2 | 752158 | 207521582 | 自科库301/301自科库 44排2列5层/ [索取号:TP3/X208] | 在馆 | |
| 3 | 752159 | 207521591 | 自科二线404/404自科库 13排4列3层/ [索取号:TP3/X208] | 在馆 |